| 000 | 00454nam a2200169Ia 4500 | ||
|---|---|---|---|
| 999 |
_c28384 _d28384 |
||
| 003 | OSt | ||
| 005 | 20201120093153.0 | ||
| 008 | 190216s9999||||xx |||||||||||||| ||und|| | ||
| 040 | _coclc | ||
| 082 |
_a894.8123 _bRAG/V |
||
| 100 |
_aRaghavan, V N _96788 |
||
| 245 | 0 |
_aVanchikkad / _cV N Raghavan |
|
| 260 |
_bPoorna Pubs, _a Kozhikode: |
||
| 300 | _a90p | ||
| 650 | _aNovel | ||
| 942 |
_cBK _2ddc _h894.8123 _iRAG/V _k894.8123 _mRAG/V |
||